| 000 | 02808 a2200229 4500 | ||
|---|---|---|---|
| 999 |
_c11318 _d11318 |
||
| 020 | _a9780323297424 | ||
| 050 |
_aRK309 _bHOW 2017 |
||
| 100 |
_aIannucci, Joen M. _eauthor |
||
| 245 |
_aDental radiography : _bprinciples and techniques / _cJoen M. Iannucci, Laura Jansen Howerton |
||
| 250 | _aFifth edition | ||
| 264 |
_aSt. Louis, Missouri : _bElsevier/Saunders, _c [2017] |
||
| 300 |
_axiv, 463 pages : _b illustrations |
||
| 336 |
_2rdacontent _atext _btxt |
||
| 337 |
_2rdamedia _aunmediated _bn |
||
| 338 |
_2rdacarrier _avolume _bnc |
||
| 504 | _aIncludes bibliographical references and index | ||
| 505 | _aPART I. Radiation Basics -- Radiation History -- Radiation Physics -- Radiation Characteristics -- Radiation Biology -- Radiation Protection -- PART II. Equipment, Film, and Processing Basics -- Dental X-Ray Equipment -- Dental X-Ray Film -- Dental X-Ray Image Characteristics -- Dental X-Ray Film Processing -- Quality Assurance in the Dental Office -- PART III. Dental Radiographer Basics -- Dental Radiographs and the Dental Radiographer -- Patient Relations and the Dental Radiographer -- Patient Education and the Dental Radiographer -- Legal Issues and the Dental Radiographer -- Infection Control and the Dental Radiographer -- PART IV. Technique Basics -- Introduction to Dental Imaging Examinations -- Paralleling Technique -- Bisecting Technique -- Bite-Wing Technique -- Exposure and Technique Errors -- Occlusal and Localization Techniques -- Panoramic Imaging -- Extraoral Imaging -- Imaging of Patients with Special Needs -- PART V. Digital Imaging Basics -- Digital Imaging -- Three-Dimensional Digital Imaging -- PART VI. Normal Anatomy and Film Mounting Basics -- Normal Anatomy: Intraoral Images -- Film Mounting and Viewing -- Normal Anatomy: Panoramic Images -- PART VII. Image Interpretation Basics -- Introduction to Image Interpretation -- Descriptive Terminology -- Identification of Restorations, Dental Materials, and Foreign Objects -- Interpretation of Dental Caries -- Interpretation of Periodontal Disease -- Interpretation of Trauma, Pulpal Lesions, and Periapical Lesions | ||
| 520 | _a Set yourself up for success with this must-have oral radiography text. Dental Radiography: Principles and Techniques gives you a comprehensive foundation for the safe, effective use of radiation in the modern dental office. This combination textbook and training manual features easy-to-understand content combined with step-by-step techniques and a stellar art program to help you apply what you've learned to practice. Plus, new content focuses on pediatrics and the latest in digital and three-dimensional technology!--Publisher website | ||
| 650 |
_aTeeth _xRadiography |
||
| 700 |
_aHowerton, Laura Jansen _e author |
||
| 942 |
_2lcc _cBK _eFifth edition _h309 _iHOW _kRK |
||